00437nam a2200169Ia 4500003000400000005001700004008004100021020001500062040000700077041000800084082001600092100002000108245007400128260004000202300001700242365000800259OSt20230506105958.0210423s2007 xx 000 0 und d a8130902400 cAL aeng a574.88 PANJ aPANNO (Joseph). aAdvances in genetics:Cancer the role of genes lifestyle environment.. aNew DelhibViva Books Pvt Ltdc2007 axiii,162bPB cINR